| 000 | 00720nam a2200253 u 4500 | ||
|---|---|---|---|
| 003 | UPN | ||
| 005 | 20240313153244.0 | ||
| 008 | 191024s2002 sp a ar ||| j|spa d | ||
| 020 | _a8426132979 | ||
| 035 | _aUPN01000233722 | ||
| 040 |
_aMX-MxUPN _bspa _cMX-MxUPN |
||
| 041 | _aspa | ||
| 050 | 1 | 4 |
_aPZ73 _bG45 2002 |
| 100 | 1 |
_aGeisler, Dagmar, _d1958- _942941 |
|
| 245 | 1 | 1 | _a¡A bañarse, Max! |
| 260 |
_aBarcelona : _bEditorial Juventud, _c2002. |
||
| 300 |
_a[10] páginas : _bilustraciones. |
||
| 650 | 4 |
_96744 _aCuentos infantiles |
|
| 650 | 2 |
_99714 _aHábitos de higiene |
|
| 700 | 1 |
_951319 _aReyes, Christiane _etraducción |
|
| 902 | _bMaríaRobles/080324 | ||
| 942 |
_n0 _2lcc _cLIBRO |
||
| 999 |
_c205817 _d205817 |
||